000 00924cab a2200265 4500
001 ABS60206
008 090401t1999 xxu||||| |||| 00| 0 eng d
035 _a(Sirsi) u91795
041 _aeng
100 _aKirkwood, J.
245 _aDigital maps unfurled
260 _c1999
350 _a0
490 _aEstates Gazette
_v(9908) 27 February 1999, 158-159(2)
520 _aReviews Prodat System`s new program Promap, which supplies Ordnance Survey large scale and small scale (1:200 000) mapping on 12 CDs. The mapping coverage is linked with Ordnance Survey`s ADDRESS-POINT, an address database of the United Kingdom.
650 _aCOMPUTER PROGRAMS
650 _aDIGITAL MAPPING
650 _aMANAGEMENT-BUSINESS MANAGEMENT-INFORMATION MANAGEMENT
650 _aORDNANCE SURVEY
650 _aPRODAT SYSTEMS
650 _aPROMAP
690 _aMAPPING AND MEASUREMENT
942 _n0
948 _c05/03/1999
999 _c58253
_d58253